000 00518nam a2200181Ia 4500
999 _c34731
_d34731
003 OSt
005 20200724141433.0
008 190216s9999||||xx |||||||||||||| ||und||
020 _a0817642951
040 _coclc
082 _a515.63
_bCHR/I
100 _aChristensen, Ole
_93742
245 3 _aAn Introduction To Frames And Riesz Bases /
_cOle Christensen
250 _a1st Ed.
260 _bBirkhauser,
_c2002.
_aBoston:
300 _a440p
942 _cBK
_2ddc
_h515.63
_iCHR/I
_k515.63
_mCHR/I